Закон вечности: роман, повесть, рассказы, публицистика; пер. с груз.; Кукарача; Собака; Неблагодарный; Кровь; Коррида; Дидро; Не буди!; Голос добрый; За бессмертие Родины!; Родина

Bibliografiske detaljer
Hovedforfatter: Думбадзе Н. В. Нодар Владимирович
Andre forfattere: Ахвледиани З. Зураб (переводчик)
Sprog:russisk
Udgivet: Ленинград, Лениздат, 1986
TOC:Кукарача;
Собака;
Неблагодарный;
Кровь;
Коррида;
Дидро;
Не буди!;
Голос добрый;
За бессмертие Родины!;
Родина;
Fag:
Format: MixedMaterials Bog
KOHA link:https://koha.lib.tpu.ru/cgi-bin/koha/opac-detail.pl?biblionumber=249118

MARC

LEADER 00000nam0a2200000 4500
001 249118
005 20231101232440.0
035 |a (RuTPU)RU\TPU\book\271128 
090 |a 249118 
100 |a 20140131d1986 m y0rusy50 ca 
101 1 |a rus  |c geo 
102 |a RU 
105 |a a z 000ay 
200 1 |a Закон вечности  |e роман, повесть, рассказы, публицистика  |e пер. с груз.  |f Н. В. Думбадзе  |g пер. З. Ахвледиани 
210 |a Ленинград  |c Лениздат  |d 1986 
215 |a 336 с.  |c ил. 
464 |t Кукарача  |o повесть 
464 |t Собака  |o рассказ 
464 |t Неблагодарный  |o рассказ 
464 |t Кровь  |o рассказ 
464 |t Коррида  |o рассказ 
464 |t Дидро  |o рассказ 
464 |t Не буди!  |o рассказ 
464 |t Голос добрый  |o статья 
464 |t За бессмертие Родины!  |o очерк 
464 |t Родина  |o очерк 
606 1 |a Грузинская литература  |2 stltpush  |3 (RuTPU)RU\TPU\subj\8671  |9 36034 
610 1 |a художественная литература 
610 1 |a романы 
610 1 |a повести 
610 1 |a рассказы 
610 1 |a публицистика 
675 |a 894.631  |v 3 
700 1 |a Думбадзе  |b Н. В.  |c грузинский писатель  |f 1928-1984  |g Нодар Владимирович  |2 stltpush  |3 (RuTPU)RU\TPU\pers\36116  |9 19224 
702 1 |a Ахвледиани  |b З.  |g Зураб  |4 730 
801 1 |a RU  |b 63413507  |c 20140131 
801 2 |a RU  |b 63413507  |c 20200522  |g RCR 
942 |c BK